Ветеринарномедицински справочник по екология и хигиена (Запис номер 56451)
[ съкратено ]
| 000 -Лидер | |
|---|---|
| Контролно поле с фиксирана дължина | nam a22 a 4500 |
| 003 - Код на организацията, давaща контролен номер | |
| Контролно поле | BLK |
| 005 - Дата и час на последна редакция | |
| Контролно поле | 20221208105841.0 |
| 008 - Елементи от данни с фиксирана дължина | |
| fixed length control field | 180408b bul|||||r ||||||| ||bul|| |
| 010 ## - Наследен системен номер | |
| LC control number | KNG00060432000 |
| 040 ## - Източник на каталожния запис | |
| Идентификатор на билиотеката - собственик на записа | BLK |
| 041 ## - Код за език | |
| Код за езика на текст/звукозапис или на отделно заглавие | Български |
| Код за езика КДБФ | Български |
| 080 ## - УДК | |
| Текстов определител УДК | Животновъдни сгради и съоръжения. Ферми. Спомагателни помещения. Оборудване. Вж и 728. 9; 69; 636. 08; 727. 6; 631. 3 |
| УДК код - определител по УДК | 631.22 |
| УДК определител | (035) |
| УДК - код + определител | 631.22(035) |
| 080 ## - УДК | |
| Текстов определител УДК | Врагове на домашните животни и защита (зоотехническа) от тях |
| УДК код - определител по УДК | 636.09 |
| УДК определител | :591.5(035) |
| УДК - код + определител | 636.09:591.5(035) |
| 080 ## - УДК | |
| Текстов определител УДК | Ветеринарна зоохигиена |
| УДК код - определител по УДК | 636.09:614.9 |
| УДК определител | (035) |
| УДК - код + определител | 636.09:614.9(035) |
| 100 ## - Редна дума - Автор | |
| R(LIN) | 1299 |
| Автор | Петков, Георги Николов |
| Авторска отговорност | първи автор |
| 139 ## - Редно поле | |
| Редна дума | Ветеринарномедицински справочник по екология и хигиена |
| 245 10 - Сведения за заглавието | |
| Заглавие | Ветеринарномедицински справочник по екология и хигиена |
| Редно поле (дума) | Георги Петков и др |
| 257 ## - Страна на издаване | |
| Страна на създаване/издаване | България |
| 260 ## - Област на издателските данни | |
| Име на издателя, разпространителя и проч. | Земиздат |
| Година на издаване | 1979 |
| Място на издаване, разпространение и проч. | София |
| 300 ## - Физическа характеристика | |
| Страници | 312 с. |
| Размери/Мащаб | 20 см |
| 380 ## - Жанр | |
| Жанр | Селско стопанство |
| 500 ## - Общи забележки | |
| Забележка | Други авт. : П. Стоянов, Б. Байков, Л. Борисова<br/>1 600 тир |
| 650 #7 - Допълнително описание по предмет – тема | |
| 9 (RLIN) | 170653 |
| Основно описание – тема или топоним | Селскостопански животни |
| 653 ## - Ключова дума – ненормативна | |
| Ключова дума | ветеринарна медицина |
| 852 ## - Местоположение | |
| Форматна сигнатура | Цб 100099 |
| Фондова буква | Хранилище |
| 856 4# - Електронен адрес и достъп | |
| Електронен формат | pdf - файл |
| Инструкция (цена за достъп) | 0.00 |
| Права за достъп | disable |
| 856 4# - Електронен адрес и достъп | |
| Електронен формат | pdf - файл |
| Инструкция (цена за достъп) | 0.00 |
| Права за достъп | disable |
| 999 ## - СИСТЕМНИ КОНТРОЛНИ НОМЕРА | |
| Koha biblionumber | 56451 |
| Koha biblioitemnumber | 56451 |
| 942 ## - АРТИКУЛИ | |
| Вид на библиотечния материал | Книги |
| Скрит в OPAC | Не |
| Периодичен библиозапис | Да |
| 944 ## - СЪЗДАВАНЕ И РЕДАКЦИЯ на ЗАПИСА | |
| Създаване/Редакция | Създаване |
| Дата на регистрацията/редакция | 13.06.2004 |
| Служител, извършил регистрацията/редакцията | Читалня |
| 944 ## - СЪЗДАВАНЕ И РЕДАКЦИЯ на ЗАПИСА | |
| Създаване/Редакция | Редакция |
| Дата на регистрацията/редакция | 29.08.2016 |
| Служител, извършил регистрацията/редакцията | Наталия_Любомирова |
| 944 ## - СЪЗДАВАНЕ И РЕДАКЦИЯ на ЗАПИСА | |
| Създаване/Редакция | Редакция |
| Дата на регистрацията/редакция | 2022-12-08 |
| Служител, извършил регистрацията/редакцията | Микаела Микова-Илиева |
| 999 ## - СИСТЕМНИ КОНТРОЛНИ НОМЕРА | |
| Koha biblioitemnumber | 56451 |
| Код за отписване | Код за изгубен артикул | Източник на класификационната схема | Код за повреда | Коз за рестрикции | Код за отдаване | Артикулен № | Име на библиотеката - собственик | Име на библиотеката, в която се намира в момента | Статус (Текущо местоположение) | Дата на вписване в системата | Местоположение - отдел | Цена в лева | Инвентарен номер | Систематично азбучна сигнатура | Баркод | Номер на екземпляра | Цена в евро | Служебна бележка | Служебен тип на артикула |
|---|---|---|---|---|---|---|---|---|---|---|---|---|---|---|---|---|---|---|---|
| Изтеглен | Не е изгубен | Universal Decimal Classification | Не е повреден | без рестрикции | ползва се в читалня | 89594 | Регионална библиотека "Любен Каравелов" Русе | Регионална библиотека "Любен Каравелов" Русе | Читалня | 1993-01-01 | Читалня | 1.29 | 289776 | Ч 631/В53 | 289776 | 1 | 0.66 | Дата инв: 20.03.2017 Бележки инв: Ч2017 | Книги |
| Не е изгубен | Universal Decimal Classification | Не е повреден | само за читалня | ползва се в читалня | 89595 | Регионална библиотека "Любен Каравелов" Русе | Регионална библиотека "Любен Каравелов" Русе | Хранилище | 1979-01-01 | Хранилище | 1.29 | 289314 | Цб 100099 | 120000289314 | 2 | 0.66 | N: стар фонд Дата: 01.01.1979 | Книги | |
| Изтеглен | Не е изгубен | Universal Decimal Classification | Не е повреден | без рестрикции | заемане за дома | 89596 | Регионална библиотека "Любен Каравелов" Русе | Регионална библиотека "Любен Каравелов" Русе | Заемна - подръчен фонд | 1979-01-01 | Заемна - подръчен фонд | 1.29 | 289774 | П 631/В 53 | 120000289774 | 3 | 0.66 | N: стар фонд Дата: 01.01.1979 Дата инв: 06.02.2018 Бележки инв: П2018 | Книги |